| 000 | 008510000a22002650004500 | ||
|---|---|---|---|
| 001 | 49054 | ||
| 010 | _a972-649-202-5 | ||
| 021 |
_aPT _b35984/90 |
||
| 100 | _a20100714d2010 k y0pory5003 ba | ||
| 101 | 0 | _apor | |
| 102 | _aPT | ||
| 200 | 1 |
_aA feiticeira do parque _fMarlène Jobert _gil. de Sophie Toussaint _grev. de Maria Alberta Menères |
|
| 210 |
_aPorto _cDesabrochar _d1990 |
||
| 215 |
_a[26] p. _cMuito il. _d27 cm |
||
| 225 | 2 | _aArco-Íris | |
| 606 |
_aLiteratura para crianças e jovens _xConto |
||
| 675 |
_a087.5 _vBN _zpor |
||
| 675 |
_a821.133.1-34 _vBN _zpor |
||
| 700 | 1 |
_aJobert _bMarlène |
|
| 702 | 1 |
_945684 _4440 _aToussaint _bSophie |
|
| 702 |
_942602 _4730 _aSilva _bAna Paula |
||
| 702 |
_931545 _aMenéres _bMaria Alberta _f1930-2019 _4640 |
||
| 801 |
_aPT _c20100714 |
||
| 090 | _a49054 | ||
| 942 |
_cMON _n0 |
||
| 999 | _a49054 | ||